000 00310nam a22001217a 4500
008 181207b xxu||||| |||| 00| 0 eng d
041 _aeng
080 _a618
100 _a9
101 _aGYN
245 _aClinical Problems Injueries Complications Of Gynecology Surgery
_cDavid .H.N
942 _2udc
_cBK
999 _c53085
_d53085